| 000 | 00688cam a2200241 a 4500 | ||
|---|---|---|---|
| 001 | 1543713 | ||
| 005 | 20180131075742.0 | ||
| 008 | 911015s1993 maua b 001 0 eng c | ||
| 010 | _a 91033324 | ||
| 020 | _a0865420955 | ||
| 040 |
_aDNLM/DLC _cDLC _dDLC |
||
| 041 | _aeng | ||
| 060 | _aWC 695 I324 | ||
| 080 | _a616.96079 ken | ||
| 082 | 0 | 0 |
_a616.96079 ken _220 |
| 100 | _a9 | ||
| 101 | _aimu | ||
| 245 | 0 | 0 |
_aImmunology and molecular biology of parasitic infections / _cedited by Kenneth S. Warren. |
| 504 | _aIncludes bibliographical references and index. | ||
| 906 |
_a7 _bcbc _corignew _d1 _eocip _f19 _gy-gencatlg |
||
| 942 |
_2ddc _cBK |
||
| 999 |
_c41393 _d41393 |
||